Twenty One Pilots Studio-Albums - Statistics

General Stats
  • This quiz has been taken 95 times
  • The average score is 7 of 7
Answer Stats
Year of recording Album Name % Correct
2009 Twenty One Pilots
100%
2024 Clancy
99%
2018 Trench
99%
2015 Blurryface
96%
2013 Vessel
96%
2021 Scaled And Icy
95%
2011 Regional At Best
87%
No matching quizzes found
Score Distribution
Percent of People with Each Score
Percentile by Number Answered
Your Score History
You have not taken this quiz